|
|
|
|
| LEADER |
00000cam a2200000 a 4500 |
| 001 |
vtls008342151 |
| 003 |
SK-MaSNL |
| 005 |
20260302052110.0 |
| 008 |
230403s1971 xo ao f c 000 0 slo |
| 015 |
|
|
|a SNBA1975/06-01530
|
| 035 |
|
|
|a SK01SNK19750034368
|
| 035 |
|
|
|a urn:nbn:sk:snk-am3hcvc
|
| 035 |
|
|
|a 6CC1578F-FB0B-46CA-B43C-B0AB48EE508B
|
| 035 |
|
|
|a urn:nbn:sk:snk-am00a170
|
| 035 |
|
|
|a SKM000036831
|
| 040 |
|
|
|a SNK
|b slo
|c SNK
|e AACR2
|
| 041 |
0 |
|
|a slo
|
| 044 |
|
|
|a xo
|c SK
|
| 080 |
|
|
|a 728.3(083.94)(085.2)
|2 1981
|
| 245 |
0 |
0 |
|a Katalóg projektov rodinných domov
|n 2
|c zostavila: Ada Horváthová ... [et al.]
|
| 250 |
|
|
|a 1. vyd.
|
| 260 |
|
|
|a Bratislava
|b Alfa
|b Ministerstvo výstavby a techniky SSR
|b IPEX
|c 1971
|
| 300 |
|
|
|a 16, [202] s.
|c 4°
|
| 366 |
|
|
|e 5000 výt.
|
| 504 |
|
|
|a Pozn. zozn. vybraných projektov rodinných domov
|
| 521 |
|
|
|a Účelová publikácia
|
| 650 |
0 |
7 |
|a rodinné domy
|2 SNKPH
|9 2984
|
| 650 |
0 |
7 |
|a projekty
|2 SNKPH
|9 18866
|
| 655 |
|
7 |
|a katalógy
|2 SNKPH
|9 60821
|
| 700 |
1 |
|
|a Horváthová, Ada
|4 com
|9 708537
|
| 852 |
|
|
|a Slovenská národná knižnica
|
| 954 |
|
|
|a odborná, vedecká literatúra pôvodná (slovenská)
|2 lita
|
| 958 |
|
|
|a OND
|
| 958 |
|
|
|a EUIPO
|
| 999 |
|
|
|c 1103826
|d 1105756
|
| 952 |
|
|
|t P60, <04>, [BOOK], {604}
|a SNK
|b SNK
|y VYP
|7 0
|p 17A0064937
|o snkSB 16742/2 D1
|i snkKSP 3910/75
|0 0
|1 0
|4 0
|d 1997-05-10
|l 0
|r 2005-01-02 00:00:00
|w 2026-02-24
|
| 952 |
|
|
|t P60, <03>, [BOOK], {603}
|a SNK
|b SNK
|y PREZ
|7 0
|p 17A0250836
|o snkSB 16742/2
|i snkKSP 3909/75
|0 0
|1 0
|4 0
|d 2000-09-04
|f 1
|l 0
|r 2025-03-18 00:00:00
|w 2026-02-24
|